书目信息 |
| 题名: |
英语语法高分指南
|
|
| 作者: | 国庆祝 主编 | |
| 分册: | ||
| 出版信息: | 天津 天津大学出版社 1998.08 |
|
| 页数: | 291页 | |
| 开本: | 32开 | |
| 丛书名: | ||
| 单 册: | ||
| 中图分类: | H314 | |
| 科图分类: | ||
| 主题词: | 英语 | |
| 电子资源: | ||
| ISBN: | 7-5618-1063-6 | |
| 000 | 00549nam0 2200193 45 | |
| 001 | 0103261637 | |
| 005 | 20010326165200.0 | |
| 010 | @a7-5618-1063-6@d13.00元 | |
| 100 | @a20010326d1998 km y0chiy0120 ea | |
| 101 | 0 | @achi |
| 105 | @a z 000yy | |
| 200 | 1 | @a英语语法高分指南@AYing Yu Yu Fa Gao Fen Zhi Nan@f国庆祝主编@FGuo Qing Zhu Zhu Bian |
| 210 | @a天津@c天津大学出版社@d1998.08 | |
| 215 | @a291页@d32开 | |
| 606 | 0 | @a英语 |
| 690 | @aH314@v3 | |
| 701 | 0 | @a国庆祝@4主编 |
| 801 | @aCN@bPftUser@c20010326 | |
| 905 | @b64972-981@dH314@eG974/1@f10 | |
| 英语语法高分指南/国庆祝主编.-天津:天津大学出版社,1998.08 |
| 291页;32开 |
| ISBN 7-5618-1063-6:13.00元 |
| ● |
| 相关链接 |
|
|
|
正题名:英语语法高分指南
索取号:H314/G974/1
 
预约/预借
| 序号 | 登录号 | 条形码 | 馆藏地/架位号 | 状态 | 备注 |
| 1 | 64972 | 200649726 | 社科二线400B/400B社科库 10排3列1层/ [索取号:H314/G974/1] | 在馆 | |
| 2 | 64973 | 200649735 | 社科二线400B/400B社科库 9排2列4层/ [索取号:H314/G974/1] | 在馆 | |
| 3 | 64975 | 200649753 | 社科二线400B/400B社科库 9排1列3层/ [索取号:H314/G974/1] | 在馆 | |
| 4 | 64976 | 200649762 | 社科二线400B/400B社科库 9排1列3层/ [索取号:H314/G974/1] | 在馆 | |
| 5 | 64977 | 200649771 | 语言库209/209语言库 34排7列4层/ [索取号:H314/G974/1] | 在馆 | |
| 6 | 64978 | 200649780 | 社科二线400B/400B社科库 10排3列1层/ [索取号:H314/G974/1] | 在馆 | |
| 7 | 64979 | 200649799 | 社科二线400B/400B社科库 4排2列5层/ [索取号:H314/G974/1] | 在馆 | |
| 8 | 64981 | 200649815 | 社科二线400B/400B社科库 4排1列1层/ [索取号:H314/G974/1] | 在馆 | |
| 9 | 65743 | 200657431 | 社科二线400B/400B社科库 8排1列6层/ [索取号:H314/G974/1] | 在馆 | |
| 10 | 65744 | 200657440 | 语言库209/209语言库 34排7列4层/ [索取号:H314/G974/1] | 在馆 | |
| 11 | 65745 | 200657459 | 语言库209/209语言库 34排7列4层/ [索取号:H314/G974/1] | 在馆 | |
| 12 | 65746 | 200657468 | 语言库209/209语言库 34排7列4层/ [索取号:H314/G974/1] | 在馆 | |
| 13 | 65747 | 200657477 | 社科二线400B/400B社科库 10排3列1层/ [索取号:H314/G974/1] | 在馆 |